00382nam a2200109Ia 4500008004100000100002100041245007400062500008500136650002700221942000700248999001700255181011s9999 xx 000 0 und d aRichard W.Taylor 0aSome Ideal Possibilities for Henry Martyn Institute as a Study Centre aAl-Basheer: The Bulletin of Christian Institute of Islamic Studies Oct -Dec 1972 aHenry Martyn Institute cBR c21811d21811